1610 1205 1580 1825 1139 1011 1349 1932 1427 1960 1166 1492 1744 1732 1787 1252 1225 1764 1750 1700 1297 1075 1233 1171 1021 1609 1793 1575 1530 1230 1860 1714 1940 1890 1066 1578 1301 1009 1660 1193 1311 1868 1903 1641 1750 1749 1353 1695 1941 1983 1174 1369 1214 1010 1560 1554 1005 1976 1866 1341 1486 1225 1553 1132 1504 1499 1675 1154 1247 1763 1368 1678 1739 1282 1269 1219 1715 1594 1364 1761 1841 1545 1128 1405 1864 1182 1484 1605 1513 1828 1511 1537 1492 1493 1858 1723 1513 1214 1968 BCNSPRNW ULIB Ver.6.0+V

เปลี่ยนเป็นภาษาไทย

Change to English
 แสดงรายละเอียดบรรณานุกรม
  กลับหน้าหลัก

Brief Record : Get Marc (ISO 2709) : E-mail record : QR code < ปิดหน้าต่าง
LEADER : 00000nam 2200000uu 4500
001    13399121553
003     ULIB
008    020711s2552 th a 000 0 tha d
020    ^a9786160801312
090    ^aรส.^bบ771ภ
100    ^aNathanniel Hawthorne
245    ^aภูผาแห่งแรงบันดาลใจ /^cJohann Wolfgang von Goethe
260    ^aกรุงเทพฯ :^bซีเอ็ด,^c2553
300    105 หน้า
500    ชุดอ่านอังกฤษ เก่งอังกฤษ
501    Stage 2
945    ^p130^l0^i028963
999 ^a ทศพร
รายการนี้ยังไม่มีแท็ก
คุณยังไม่ได้ล็อกอิน คุณสามารถมีกิจกรรมร่วมกับเว็บไซต์ได้ แต่ต้องล็อกอินก่อน ::
  ล็อกอิน

รายการสื่อสารสนเทศ

ลำดับที่ ประเภท เลขเรียก/บาร์โค้ด สถานที่ สถานะ
1. นวนิยาย
นวนิยาย
รส. บ771ภ ฉ.1 
  Barcode: 028963
ห้องสมุดวิทยาเขตสวรรค์ประชารักษ์
►นวนิยาย
บนชั้น
  ขอยืม

BibComment


ยังไม่เคยถูกคอมเมนท์

คอมเมนท์ทรัพยากรรายการนี้
  คอมเมนท์: ภูผาแห่งแรงบันดา..


 Copyright 2026. Bcnsprnw @Library